| 000 | 00430nam a2200181Ia 4500 | ||
|---|---|---|---|
| 001 | 4111 | ||
| 005 | 20260306145731.0 | ||
| 008 | 260306t2010||||xx |||||||||||||| ||spa|| | ||
| 041 | _aESP | ||
| 082 |
_a306.85 _bH12 Nº 89 |
||
| 100 |
_aCorominas, Carmen _eAUT |
||
| 245 | 0 | _aEmbarazo y primer año de vida | |
| 260 | _c2010 | ||
| 300 |
_a280 páginas : _c19 cm. |
||
| 650 | _aGEN | ||
| 654 | _aCED | ||
| 942 |
_cLIB _dJUS _fJUS _2ddc _n |
||
| 999 |
_c4111 _d4111 |
||